000 00331nam a2200109Ia 4500
008 220204s9999 xx 000 0 und d
082 _a330.34
_bEVA
100 _aEVANS, Peter
245 0 _aDependent development: The alliance of multinational state and local capital in Brazil
260 _aNew Jersey
_bPrinceton
_c1979
942 _cBK
999 _c33332
_d33332